A footnote to history (Record no. 3191)
[ view plain ]
| 000 -LEADER | |
|---|---|
| fixed length control field | 00945nam a2200241Ia 4500 |
| 100 1# - MAIN ENTRY--AUTHOR NAME | |
| Personal name | Stevenson, Robert Louis, |
| 245 12 - TITLE STATEMENT | |
| Title | A footnote to history |
| 260 ## - PUBLICATION, DISTRIBUTION, ETC. (IMPRINT) | |
| Place of publication | Champaign, IL : |
| Name of publisher | Project Gutenberg, |
| Year of publication | 2001. |
| 300 ## - PHYSICAL DESCRIPTION | |
| Number of Pages | 99 p. |
| 856 40 - ELECTRONIC LOCATION AND ACCESS | |
| Uniform Resource Identifier | http://site.ebrary.com/lib/rucke/Doc?id=5001065 |
No items available.
